000
00265nam a2200121Ia 4500
008
190216s9999||||xx |||||||||||||| ||und||
100
_a
Ramesha Gupth Mirth
245
0
_a
Hindi-Kayyi Midoodi
260
_b
Agraval
300
_a
100
650
_a
Hindi
942
_c
BK
999
_c
16342
_d
16342